Commercial and industrial floorspace statistics (Record no. 118460)

MARC details
000 -LEADER
fixed length control field 01085cam a2200241 4500
001 - CONTROL NUMBER
control field WB@3612-184
008 - FIXED-LENGTH DATA ELEMENTS--GENERAL INFORMATION
fixed length control field 041216n2004 000 0 eng u
035 ## - SYSTEM CONTROL NUMBER
System control number (Sirsi) u128340
245 ## - TITLE STATEMENT
Title Commercial and industrial floorspace statistics
260 ## - PUBLICATION, DISTRIBUTION, ETC.
Date of publication, distribution, etc. 2004
490 ## - SERIES STATEMENT
Series statement ODPM Statistical Release
Volume/sequential designation (2004/0307) 10 December 2004 (2)
520 ## - SUMMARY, ETC.
Summary, etc. "Commercial and industrial floorspace and rateable value statistics 2004 (provisional)" has been published. It reveals that there were 591m sq m of floorspace in England and Wales in 2004, of which approximately 19% were in retail premises, 17% in offices, 39% in factories and 26% in warehouses. Full details of the statistics are available from the website. http://www.odpm.gov.uk/pns/displaypn.cgi?pn_id=200 4_0307
590 ## - LOCAL NOTE (RLIN)
Local note WB
590 ## - LOCAL NOTE (RLIN)
Local note WB
650 ## - SUBJECT ADDED ENTRY--TOPICAL TERM
Topical term or geographic name entry element INDUSTRIAL FLOORSPACE
650 ## - SUBJECT ADDED ENTRY--TOPICAL TERM
Topical term or geographic name entry element RATEABLE VALUES
650 ## - SUBJECT ADDED ENTRY--TOPICAL TERM
Topical term or geographic name entry element ENGLAND
650 ## - SUBJECT ADDED ENTRY--TOPICAL TERM
Topical term or geographic name entry element WALES
650 ## - SUBJECT ADDED ENTRY--TOPICAL TERM
Topical term or geographic name entry element STATISTICS
650 ## - SUBJECT ADDED ENTRY--TOPICAL TERM
Topical term or geographic name entry element COMMERCIAL AND INDUSTRIAL FLOORSPACE AND RATEABLE VALUE STATISTICS
690 ## - LOCAL SUBJECT ADDED ENTRY--TOPICAL TERM (OCLC, RLIN)
Topical term or geographic name as entry element COMMERCIAL PROPERTY-MARKET
942 ## - ADDED ENTRY ELEMENTS (KOHA)
Suppress in OPAC 0
Holdings
Withdrawn status Lost status Source of classification or shelving scheme Damaged status Not for loan Home library Current library Shelving location Date acquired Total Checkouts Full call number Barcode Date last seen Copy number Price effective from Koha item type
    Other/Generic Classification Scheme     London London RICS Boxes 16/12/2004   WB@3612-184 128340-1001 06/08/2019 1 06/08/2019 Book